| 000 | 00574nam a2200229Ia 4500 | ||
|---|---|---|---|
| 003 | OSt | ||
| 005 | 20220918204208.0 | ||
| 006 | a|||||r|||| 00| 0 | ||
| 007 | ta | ||
| 008 | 220917b |||||||| |||| 00| 0 eng d | ||
| 024 | _a111,393 | ||
| 037 | _cTextual | ||
| 040 |
_aARTS _cARTS _beng |
||
| 041 |
_2eng _aeng |
||
| 082 | _aV53:1:L8, J4 | ||
| 100 |
_aSalvemini G _9111017 |
||
| 245 | 0 | _aFrench revolution 1788-1792 tr by I M Rawson | |
| 260 | _c1954 | ||
| 650 | _aHISTORY | ||
| 942 |
_hV53:1:L8, J4 _cTEXL _2CC |
||
| 999 |
_c234742 _d234742 |
||